Focus on the future : A career development curriculum for secondary school students / (Record no. 1184)

000 -LEADER
fixed length control field 00746nam a22002177a 4500
003 - CONTROL NUMBER IDENTIFIER
control field OSt
005 - DATE AND TIME OF LATEST TRANSACTION
control field 20140116120847.0
008 - FIXED-LENGTH DATA ELEMENTS--GENERAL INFORMATION
fixed length control field 130801b xxu||||| |||| 00| 0 eng d
020 ## - INTERNATIONAL STANDARD BOOK NUMBER
International Standard Book Number 9781617700057
050 ## - LIBRARY OF CONGRESS CALL NUMBER
Classification number LC1037.P37 2005
100 ## - MAIN ENTRY--PERSONAL NAME
Personal name Perry, Nancy
245 ## - TITLE STATEMENT
Title Focus on the future : A career development curriculum for secondary school students /
Statement of responsibility, etc Nancy Perry
300 ## - PHYSICAL DESCRIPTION
Extent 195p
504 ## - BIBLIOGRAPHY, ETC. NOTE
Bibliography, etc includes index and biblio
650 ## - SUBJECT ADDED ENTRY--TOPICAL TERM
Topical term or geographic name as entry element Career education -- Curricula.
650 ## - SUBJECT ADDED ENTRY--TOPICAL TERM
Topical term or geographic name as entry element Career education -- Study and teaching (Secondary)
650 ## - SUBJECT ADDED ENTRY--TOPICAL TERM
Topical term or geographic name as entry element Vocational guidance
700 ## - ADDED ENTRY--PERSONAL NAME
Personal name VanZandt, Zark
856 ## - ELECTRONIC LOCATION AND ACCESS
Uniform Resource Identifier <a href="http://site.ebrary.com/lib/riara/docDetail.action?docID=10158453&p00=curriculum%20development">http://site.ebrary.com/lib/riara/docDetail.action?docID=10158453&p00=curriculum%20development</a>
942 ## - ADDED ENTRY ELEMENTS (KOHA)
Source of classification or shelving scheme
Koha item type Electronic Book

No items available.


Riara University Library,
P.O. Box 49940-00100,
Nairobi, Kenya.